| 000 | 00417nam a2200121Ia 4500 | ||
|---|---|---|---|
| 008 | 220621s9999||||xx |||||||||||||| ||und|| | ||
| 100 | _aUrban, Elizabeth | ||
| 245 | 0 |
_aConquered Populations in Early Islam _bNon-Arabs, Slaves and the Sons of Slave Mothers |
|
| 546 | _aEnglish[eng] | ||
| 650 | _aHistory||Essays | ||
| 856 | _uhttps://library.oapen.org/bitstream/20.500.12657/44136/1/external_content.pdf | ||
| 942 | _cEB | ||
| 999 |
_c37777 _d37777 |
||